Forsyth-Grant v Allen and another (Record no. 80123)

MARC details
000 -LEADER
fixed length control field 01806cad a22002535a 4500
001 - CONTROL NUMBER
control field L143263
008 - FIXED-LENGTH DATA ELEMENTS--GENERAL INFORMATION
fixed length control field 080422e20080419xxk f v 000 0 eng d
035 ## - SYSTEM CONTROL NUMBER
System control number (Sirsi) u143263
041 0# - LANGUAGE CODE
Language code of text/sound track or separate title eng
100 1# - MAIN ENTRY--PERSONAL NAME
Personal name Dobson, Sally
245 00 - TITLE STATEMENT
Title Forsyth-Grant v Allen and another
260 ## - PUBLICATION, DISTRIBUTION, ETC.
Date of publication, distribution, etc. 2008
490 ## - SERIES STATEMENT
Series statement Estates Gazette
Volume/sequential designation (0815) 19 April 2008, 172(1)
520 ## - SUMMARY, ETC.
Summary, etc. [2008] 15 EG 172(CS), 8 April 2008. The appellant (F) owned a hotel on land adjoining a site upon which the respondents (G) intended to develop. F raised several objections including a claim that such development would interfere with the right to light in the hotel. F claimed that the circumstances merited an order made with reference to G's profits and requested accounts. F then refused access to the hotel for the purposes of determination until a court order was made. An award was made based on loss of value due to loss of light. F appealed against the refusal to order an account of profits. "Held": The standard remedy was an award for damages. An account of profits was only applied in cases where a defendant had infringed the proprietary rights of the claimant. There were no such circumstances or other exceptional factors within this case. Appeal dismissed.
590 ## - LOCAL NOTE (RLIN)
Local note KA
650 24 - SUBJECT ADDED ENTRY--TOPICAL TERM
Topical term or geographic name entry element CARR-SAUNDERS V DICK MCNEIL ASSOCIATES LTD
650 24 - SUBJECT ADDED ENTRY--TOPICAL TERM
Topical term or geographic name entry element TAMARES (VINCENT SQUARE) LTD V FAIRPOINT PROPERTIES (VINCENT SQUARE) LTD
650 24 - SUBJECT ADDED ENTRY--TOPICAL TERM
Topical term or geographic name entry element STOKE-ON-TRENT CC V W & J WASS LTD
650 24 - SUBJECT ADDED ENTRY--TOPICAL TERM
Topical term or geographic name entry element AMEC DEVELOPMENTS LTD V JURY'S HOTEL MANAGEMENT (UK) LTD
651 #4 - SUBJECT ADDED ENTRY--GEOGRAPHIC NAME
Geographic name England and Wales
Chronological subdivision 1543-
690 ## - LOCAL SUBJECT ADDED ENTRY--TOPICAL TERM (OCLC, RLIN)
Topical term or geographic name as entry element PROPERTY-PROPERTY MANAGEMENT-EASEMENTS-RIGHTS TO LIGHT DETERMINATION-RIGHTS TO LIGHT
856 40 - ELECTRONIC LOCATION AND ACCESS
Uniform Resource Identifier <a href="https://www.bailii.org/ew/cases/EWCA/Civ/2008/505.html">https://www.bailii.org/ew/cases/EWCA/Civ/2008/505.html</a>
Public note View this item free of charge at www.bailii.org...
942 ## - ADDED ENTRY ELEMENTS (KOHA)
Suppress in OPAC 0
Holdings
Withdrawn status Lost status Source of classification or shelving scheme Damaged status Not for loan Home library Current library Shelving location Date acquired Total Checkouts Full call number Barcode Date last seen Copy number Price effective from Koha item type
    Dewey Decimal Classification     London London Journal article 22/04/2008   L143263 143263-1001 06/08/2019 1 06/08/2019 Journal article